Focusing on Wounded Collective Identity

Elmentve itt :
Bibliográfiai részletek
Szerző: Máté-Tóth András
Dokumentumtípus: Cikk
Megjelent: 2022
Sorozat:OCCASIONAL PAPERS ON RELIGION IN EASTERN EUROPE (2013-) 42 No. 6
Tárgyszavak:
doi:10.55221/2693-2148.2370

mtmt:33037144
Online Access:http://publicatio.bibl.u-szeged.hu/24893
LEADER 00755nab a2200205 i 4500
001 publ24893
005 20220817083425.0
008 220817s2022 hu o 0|| Angol d
022 |a 2693-2148 
024 7 |a 10.55221/2693-2148.2370  |2 doi 
024 7 |a 33037144  |2 mtmt 
040 |a SZTE Publicatio Repozitórium  |b hun 
041 |a Angol 
100 2 |a Máté-Tóth András 
245 1 0 |a Focusing on Wounded Collective Identity  |h [elektronikus dokumentum] /  |c  Máté-Tóth András 
260 |c 2022 
300 |a 64-76 
490 0 |a OCCASIONAL PAPERS ON RELIGION IN EASTERN EUROPE (2013-)  |v 42 No. 6 
650 4 |a Vallástudományok 
856 4 0 |u http://publicatio.bibl.u-szeged.hu/24893/1/FocusingonWoundedCollectiveIdentity_TowardaRegionalInterp.pdf  |z Dokumentum-elérés